ममता की मूरत मदर टेरेसा / (Record no. 11139)

MARC details
000 -LEADER
fixed length control field 01055 a2200229 4500
003 - CONTROL NUMBER IDENTIFIER
control field dpl
005 - DATE AND TIME OF LATEST TRANSACTION
control field 20170204140517.0
008 - FIXED-LENGTH DATA ELEMENTS--GENERAL INFORMATION
fixed length control field 080901t xxu||||| |||| 00| 0 hin d
010 ## - LIBRARY OF CONGRESS CONTROL NUMBER
LC control number B-24427,B-024427
020 ## - INTERNATIONAL STANDARD BOOK NUMBER
Terms of availability 60.00
035 ## - SYSTEM CONTROL NUMBER
System control number B-24427,B-024427
037 ## - SOURCE OF ACQUISITION
Source of stock number/acquisition DPL
040 ## - CATALOGING SOURCE
Transcribing agency DPL
082 ## - DEWEY DECIMAL CLASSIFICATION NUMBER
Classification number 921
Edition number 1999
100 ## - MAIN ENTRY--PERSONAL NAME
Personal name गौड़, यतीन्द्र नाथ 'शुभाश'
245 ## - TITLE STATEMENT
Title ममता की मूरत मदर टेरेसा /
Statement of responsibility, etc यतीन्द्र नाथ गौड़ 'शुभाश'
246 ## - VARYING FORM OF TITLE
Title proper/short title Mamta kee murat Mother Teresa
Remainder of title by Yatindra Nath Gaud ' Shubhash '
260 ## - PUBLICATION, DISTRIBUTION, ETC. (IMPRINT)
Place of publication, distribution, etc दिल्ली
Name of publisher, distributor, etc राजसूर्य प्रकाशन
Date of publication, distribution, etc 1999
270 ## - ADDRESS
Address डी ब्लॉक, 2/41-ए, गामडी एक्सटेंशन भजनपुरा
City दिल्ली
Postal code 110053
Telephone number 011- 2172380
300 ## - PHYSICAL DESCRIPTION
Extent 80पृ
Dimensions 22 सेमी (सजिल्द)
Other physical details सचित्र
942 ## - ADDED ENTRY ELEMENTS (KOHA)
Institution code [OBSOLETE] dpl
Koha item type Hindi Books
Call number prefix 921 / टेरेसा
Source of classification or shelving scheme Dewey Decimal Classification
Classification part 921
Call number suffix टेरेसा
Holdings
Withdrawn status Lost status Damaged status Not for loan Collection code Home library Current library Date acquired Cost, normal purchase price Total Checkouts Full call number Barcode Date last seen Copy number Uniform Resource Identifier Cost, replacement price Price effective from Koha item type Source of classification or shelving scheme Shelving location Source of acquisition
      Not For Loan Non-fiction D.B.Act.Division D.B.Act.Division 01/09/2008 100.00   921 टेरेसा HN-55182 15/09/2008 1 12246 100.00 15/09/2008 Hindi Books      
      Ordered Non-fiction Sarojini Nagar Sarojini Nagar 03/02/2017 60.00   921 टेरेसा B-024427 03/02/2017 1   60.00 03/02/2017 Hindi Books Dewey Decimal Classification On Display DPL

© Delhi Public Library
Hit Counter
free hit counter